| 000 | 00572nam a22001817a 4500 | ||
|---|---|---|---|
| 005 | 20251108164403.0 | ||
| 008 | 250721s1983 xx 000 0 ara d | ||
| 082 | 1 | 4 | _a517/عمر |
| 100 | 1 | _aالسباخي، عمر | |
| 245 | 1 | 0 | _aمذكرات في الرياضيات الهندسية / |
| 264 | 1 |
_aبيروت : _bمنشورات الراتب للأبحاث الجامعية، _c1983. |
|
| 300 | _a2ج | ||
| 650 | 1 | 7 | _aالحساب |
| 650 | 1 | 7 | _aالتفاضل و التكامل |
| 650 | 1 | 7 | _aالرياضيات الهندسية |
| 942 |
_2ddc _cBK |
||
| 999 |
_c10937 _d10937 |
||